| 000 | 00565cab a2200193 4500 | ||
|---|---|---|---|
| 001 | WB2308-26 | ||
| 008 | 090401t1987 xxu||||| |||| 00| 0 eng d | ||
| 035 | _a(Sirsi) u19995 | ||
| 041 | _aeng | ||
| 245 | _aSevern Barrage to be assessed | ||
| 260 | _c1987 | ||
| 350 | _a0 | ||
| 490 |
_aTimes _v17/2/87 p2 |
||
| 520 | _aA series of studies is to be carried out on the environmental impact of the proposed Severn Barrage tidal power project. | ||
| 650 | _aSEVERN TIDAL POWER GROUP | ||
| 690 | _aPLANNING LAW AND PRACTICE | ||
| 942 | _n0 | ||
| 948 | _c04/03/1997 | ||
| 999 |
_c13398 _d13398 |
||